[Event "CZE-chT2C 1718"]
[Site "Czech Republic"]
[Date "2018.04.08"]
[Round "11.7"]
[White "Staszko, Martin"]
[Black "Talpa, Pavel"]
[Result "1/2-1/2"]
[WhiteElo "2074"]
[BlackElo "1871"]
[PlyCount "62"]
[EventDate "2017.10.15"]
[EventType "team-tourn"]
[EventRounds "11"]
[EventCountry "CZE"]
[SourceTitle "EXT 2022"]
[Source "ChessBase"]
[SourceDate "2021.10.06"]
[SourceVersion "1"]
[SourceVersionDate "2021.10.06"]
[SourceQuality "1"]
[WhiteTeam "Praha Dukla"]
[BlackTeam "Unichess Vyletna"]
[WhiteTeamCountry "CZE"]
[BlackTeamCountry "CZE"]

1. d4 f5 2. Nf3 Nf6 3. g3 e6 4. Bg2 d5 5. 0-0 Bd6 6. c4 c6 7. b3 0-0 8. Bf4 Bxf4 9. gxf4 Bd7 10. Nbd2 Be8 11. Ne5 Nbd7 12. Ndf3 Bh5 13. Ng5 Qe8 14. Qd3 Ne4 15. Nh3 Nef6 16. Rae1 Bg4 17. Kh1 Bxh3 18. Qxh3 Nxe5 19. fxe5 Ne4 20. Rd1 Qd8 21. Bxe4 dxe4 22. Rg1 Qc7 23. f4 Rad8 24. b4 Qe7 25. a3 b6 26. e3 a5 27. c5 axb4 28. axb4 b5 29. Ra1 Ra8 30. Qg2 g6 31. Qf2 Rfb8 1/2-1/2

[Event "CZE-chT2F 1011"]
[Site "Czech Republic"]
[Date "2011.03.06"]
[Round "9.4"]
[White "Staszko, Martin"]
[Black "Krajina, Ales"]
[Result "0-1"]
[WhiteElo "2040"]
[BlackElo "2189"]
[PlyCount "38"]
[EventDate "2010.10.17"]
[EventType "team-tourn"]
[EventRounds "11"]
[EventCountry "CZE"]
[SourceTitle "EXT 2012"]
[Source "ChessBase"]
[SourceDate "2011.11.24"]
[SourceVersion "1"]
[SourceVersionDate "2011.11.24"]
[SourceQuality "1"]
[WhiteTeam "Trinec III"]
[BlackTeam "Ostrava Labortech II"]
[WhiteTeamCountry "CZE"]
[BlackTeamCountry "CZE"]

1. e4 Nf6 2. Nc3 d5 3. e5 Ne4 4. Nce2 d4 5. d3 Nc5 6. b4 Ne6 7. f4 g6 8. Nf3 c5 9. bxc5 Nc6 10. Bb2 Bg7 11. c3 dxc3 12. Bxc3 Nxc5 13. Ned4 Bg4 14. Nxc6 bxc6 15. h3 Bf5 16. Nd4 Qd5 17. Rg1 Ne6 18. Nxe6 Bxe6 19. g4 Qc5 0-1

[Event "CZE-chT1E 1011"]
[Site "Czech Republic"]
[Date "2011.02.27"]
[Round "9.7"]
[White "Malik, Jan"]
[Black "Staszko, Martin"]
[Result "1-0"]
[WhiteElo "2239"]
[BlackElo "2040"]
[PlyCount "103"]
[EventDate "2010.10.10"]
[EventType "team-tourn"]
[EventRounds "11"]
[EventCountry "CZE"]
[SourceTitle "EXT 2012"]
[Source "ChessBase"]
[SourceDate "2011.11.24"]
[SourceVersion "1"]
[SourceVersionDate "2011.11.24"]
[SourceQuality "1"]
[WhiteTeam "Poruba Slavoj"]
[BlackTeam "Trinec II"]
[WhiteTeamCountry "CZE"]
[BlackTeamCountry "CZE"]

1. e4 c5 2. Nf3 Nc6 3. b3 d6 4. Bb2 e5 5. Bc4 Bg4 6. 0-0 Nf6 7. Bd5 Nxd5 8. exd5 Nd4 9. Bxd4 cxd4 10. Re1 Be7 11. Qe2 0-0 12. h3 Bh5 13. g4 Bg6 14. Nxd4 Bf6 15. Nf5 e4 16. Nc3 Re8 17. Rad1 Bxc3 18. dxc3 Qf6 19. Rd4 Bxf5 20. gxf5 e3 21. fxe3 Qxf5 22. Qg2 h5 23. c4 Re5 24. Rf1 Qh7 25. Rdf4 Qh6 26. Kh1 Rae8 27. e4 R8e7 28. Qf3 Qg6 29. Rg1 Qh7 30. c5 dxc5 31. Rf5 Rxf5 32. exf5 Qh6 33. f6 Re3 34. Qf5 g6 35. d6 Qf8 36. Rxg6+ fxg6 37. Qxg6+ Kh8 38. d7 Re1+ 39. Kg2 Re2+ 40. Kf3 Rd2 41. Qxh5+ Kg8 42. Qg5+ Kh8 43. Qxd2 Qxf6+ 44. Ke2 Qe5+ 45. Qe3 Qh2+ 46. Kd1 Qh1+ 47. Kd2 Qd5+ 48. Qd3 Qg5+ 49. Kc3 Qf6+ 50. Kc4 Qe6+ 51. Kxc5 Qe7+ 52. Kc4 1-0

[Event "CZE-chT2F 1011"]
[Site "Czech Republic"]
[Date "2011.02.20"]
[Round "8.3"]
[White "Staszko, Martin"]
[Black "Kolasin, Jan"]
[Result "1-0"]
[WhiteElo "2040"]
[BlackElo "1975"]
[PlyCount "63"]
[EventDate "2010.10.17"]
[EventType "team-tourn"]
[EventRounds "11"]
[EventCountry "CZE"]
[SourceTitle "EXT 2012"]
[Source "ChessBase"]
[SourceDate "2011.11.24"]
[SourceVersion "1"]
[SourceVersionDate "2011.11.24"]
[SourceQuality "1"]
[WhiteTeam "Trinec III"]
[BlackTeam "Unicov"]
[WhiteTeamCountry "CZE"]
[BlackTeamCountry "CZE"]

1. e4 e6 2. d4 d5 3. Nc3 Bb4 4. e5 c5 5. a3 Bxc3+ 6. bxc3 Ne7 7. h4 Nbc6 8. Nf3 Bd7 9. a4 Qa5 10. Qd2 Rc8 11. Bd3 c4 12. Bf1 b5 13. h5 bxa4 14. h6 g6 15. Rh3 a6 16. Ba3 Rb8 17. Ng5 Nf5 18. g4 Nfxd4 19. cxd4 Qxd2+ 20. Kxd2 Nxd4 21. Bc5 Nb5 22. Rf3 c3+ 23. Kc1 Rc8 24. Nxf7 Rxc5 25. Nxh8 Nd4 26. Rf6 Nb3+ 27. cxb3 axb3 28. Rxa6 Bc8 29. Ra8 d4 30. Nxg6 c2 31. Rb8 Rc3 32. Bb5+ 1-0

[Event "CZE-chT1E 1011"]
[Site "Czech Republic"]
[Date "2011.01.30"]
[Round "7.8"]
[White "Staszko, Martin"]
[Black "Brychta, David"]
[Result "1-0"]
[WhiteElo "2040"]
[BlackElo "2186"]
[PlyCount "75"]
[EventDate "2010.10.10"]
[EventType "team-tourn"]
[EventRounds "11"]
[EventCountry "CZE"]
[SourceTitle "EXT 2012"]
[Source "ChessBase"]
[SourceDate "2011.11.24"]
[SourceVersion "1"]
[SourceVersionDate "2011.11.24"]
[SourceQuality "1"]
[WhiteTeam "Trinec II"]
[BlackTeam "Jihlava Gordic"]
[WhiteTeamCountry "CZE"]
[BlackTeamCountry "CZE"]

1. e4 c5 2. Nf3 d6 3. d4 cxd4 4. Nxd4 Nf6 5. Nc3 a6 6. f3 e5 7. Nb3 Be6 8. Be3 Nbd7 9. Qd2 Be7 10. 0-0-0 0-0 11. g4 Rc8 12. Kb1 b5 13. g5 Nh5 14. Nd5 Bxd5 15. exd5 f5 16. gxf6 Rxf6 17. Bh3 Nf4 18. Bg4 Ra8 19. Nd4 Nf8 20. Rhg1 Kh8 21. Nc6 Qe8 22. h4 h5 23. Bxf4 Rxf4 24. Bxh5 Qxh5 25. Nxe7 Qf7 26. Nc6 Nh7 27. Qa5 Qd7 28. h5 Nf6 29. Qd2 Rf8 30. Rg6 Nxh5 31. Rh1 R8f5 32. a3 Kh7 33. Re6 Rxf3 34. Qg2 Qf7 35. Nd8 Rg3 36. Qxg3 Rf1+ 37. Ka2 Rxh1 38. Qd3+ 1-0

[Event "CZE-chT1E 1011"]
[Site "Czech Republic"]
[Date "2011.01.16"]
[Round "6.8"]
[White "Zatloukal, Petr"]
[Black "Staszko, Martin"]
[Result "1/2-1/2"]
[WhiteElo "2110"]
[BlackElo "2040"]
[PlyCount "71"]
[EventDate "2010.10.10"]
[EventType "team-tourn"]
[EventRounds "11"]
[EventCountry "CZE"]
[SourceTitle "EXT 2012"]
[Source "ChessBase"]
[SourceDate "2011.11.24"]
[SourceVersion "1"]
[SourceVersionDate "2011.11.24"]
[SourceQuality "1"]
[WhiteTeam "Grygov II"]
[BlackTeam "Trinec II"]
[WhiteTeamCountry "CZE"]
[BlackTeamCountry "CZE"]

1. e4 c5 2. Nc3 Nc6 3. g3 g6 4. Bg2 Bg7 5. d3 e6 6. Be3 Nd4 7. Qd2 Rb8 8. Nd1 d6 9. c3 Nc6 10. Ne2 b5 11. 0-0 Nge7 12. d4 cxd4 13. cxd4 0-0 14. Rc1 Bb7 15. Ndc3 b4 16. Na4 Qa5 17. b3 Ba6 18. Rfd1 Bb5 19. f4 Bxa4 20. bxa4 d5 21. exd5 exd5 22. Qc2 Rfc8 23. Qb3 Qa6 24. Rc2 Na5 25. Qd3 Qxd3 26. Rxc8+ Rxc8 27. Rxd3 Rc2 28. Rd2 Rc6 29. Bf2 Nc4 30. Rc2 Nb6 31. Rxc6 Nxc6 32. Nc1 Nxa4 33. Bxd5 Nxd4 34. Nb3 Nxb3 35. axb3 Nb6 36. Bxb6 1/2-1/2

[Event "Moravia-Silesia Region-chT 0708"]
[Site "Czech Republic"]
[Date "2008.04.13"]
[Round "11.3"]
[White "Ockay, Tomas"]
[Black "Staszko, Martin"]
[Result "0-1"]
[WhiteElo "2113"]
[BlackElo "2074"]
[PlyCount "62"]
[EventDate "2007.10.28"]
[EventType "team-tourn"]
[EventRounds "11"]
[EventCountry "CZE"]
[SourceTitle "EXT 2024"]
[Source "ChessBase"]
[SourceDate "2023.10.10"]
[SourceVersion "1"]
[SourceVersionDate "2023.10.10"]
[SourceQuality "1"]

1. Nf3 d5 2. b3 c5 3. Bb2 Nc6 4. g3 Bg4 5. Bg2 Qd7 6. h3 Bf5 7. d3 f6 8. Nbd2 e5 9. e4 Be6 10. exd5 Bxd5 11. Nc4 0-0-0 12. Ne3 Be6 13. Qd2 Nge7 14. 0-0-0 Nd4 15. Kb1 Nec6 16. h4 Kb8 17. Qe1 Bd6 18. Nd2 Rhe8 19. Ne4 Bf8 20. Qc3 b6 21. a4 h6 22. Qd2 Nb4 23. Nc3 Nxb3 24. cxb3 Bxb3 25. Rc1 Nxd3 26. Rcf1 c4 27. Ned5 Bc5 28. Qe2 Bd4 29. g4 e4 30. Bxe4 Nxb2 31. Kxb2 Qxd5 0-1

[Event "Moravia-Silesia Region-chT 0708"]
[Site "Czech Republic"]
[Date "2008.02.10"]
[Round "7.4"]
[White "Staszko, Martin"]
[Black "Mikulec, Jiri"]
[Result "0-1"]
[WhiteElo "2074"]
[BlackElo "2044"]
[PlyCount "35"]
[EventDate "2007.10.28"]
[EventType "team-tourn"]
[EventRounds "11"]
[EventCountry "CZE"]
[SourceTitle "EXT 2024"]
[Source "ChessBase"]
[SourceDate "2023.10.10"]
[SourceVersion "1"]
[SourceVersionDate "2023.10.10"]
[SourceQuality "1"]

1. e4 c6 2. d4 d5 3. Nd2 dxe4 4. Nxe4 Bf5 5. Ng3 Bg6 6. Nf3 Nf6 7. Ne5 Nbd7 8. Nxg6 hxg6 9. Bc4 e6 10. Bg5 Qb6 11. 0-0 Bd6 12. c3 Qc7 13. Qf3 0-0-0 14. b4 e5 15. Bxf7 Rdf8 16. Be6 Kb8 17. Qd3 Nd5 18. Rac1 0-1

[Event "Moravia-Silesia Region-chT 0708"]
[Site "Czech Republic"]
[Date "2007.10.28"]
[Round "1.5"]
[White "Staszko, Martin"]
[Black "Hovurek, Gerhard"]
[Result "1-0"]
[WhiteElo "2074"]
[BlackElo "1865"]
[PlyCount "117"]
[EventDate "2007.10.28"]
[EventType "team-tourn"]
[EventRounds "11"]
[EventCountry "CZE"]
[SourceTitle "EXT 2024"]
[Source "ChessBase"]
[SourceDate "2023.10.10"]
[SourceVersion "1"]
[SourceVersionDate "2023.10.10"]
[SourceQuality "1"]

1. e4 e6 2. d4 d5 3. e5 c5 4. c3 Nc6 5. Nf3 Qb6 6. Be2 Bd7 7. 0-0 Rc8 8. a3 cxd4 9. cxd4 Nge7 10. b4 Nf5 11. Be3 Be7 12. Qd2 0-0 13. Nc3 Qd8 14. g4 Nxe3 15. Qxe3 f5 16. gxf5 Rxf5 17. Kh1 Qf8 18. Rg1 Rxf3 19. Bxf3 Nxd4 20. Nxd5 Nxf3 21. Nxe7+ Qxe7 22. Rgc1 Rf8 23. Kg2 Bc6 24. Kf1 Nxh2+ 25. Ke2 Nf3 26. Rc5 Nh4 27. Rac1 Nf5 28. Qc3 Qh4 29. Rd1 Qe4+ 30. Kd2 Nd4 31. Qe3 Nf3+ 32. Kc1 Qf5 33. b5 Bd5 34. Rc7 Nxe5 35. Qc3 Qg5+ 36. Qe3 Qxe3+ 37. fxe3 Nc4 38. e4 Bxe4 39. Rxc4 Bd5 40. Rc7 h5 41. Rg1 Rf7 42. Rc3 Kh7 43. Rcg3 Be4 44. Kd2 Kh6 45. a4 Bf5 46. a5 g6 47. Rc3 Rd7+ 48. Ke3 Rd5 49. Rb3 e5 50. Rc1 Rd7 51. b6 axb6 52. axb6 h4 53. Rc7 Rd1 54. Rxb7 h3 55. Rb8 Kg5 56. b7 Rd4 57. Rh8 Rh4 58. b8Q h2 59. Qd8+ 1-0

[Event "Ostroda op"]
[Site "Ostroda"]
[Date "2007.08.09"]
[Round "5"]
[White "Staszko, Martin"]
[Black "Worek, Joanna"]
[Result "0-1"]
[WhiteElo "2081"]
[BlackElo "2279"]
[PlyCount "74"]
[EventDate "2007.08.06"]
[EventType "swiss"]
[EventRounds "9"]
[EventCountry "POL"]
[SourceTitle "EXT 2009"]
[Source "ChessBase"]
[SourceDate "2008.11.26"]
[SourceVersion "1"]
[SourceVersionDate "2008.11.26"]
[SourceQuality "1"]

1. Nf3 d6 2. d4 f5 3. c4 Nf6 4. Nc3 g6 5. Bf4 Bg7 6. Qd2 e6 7. Bh6 Qe7 8. Bxg7 Qxg7 9. e3 0-0 10. Bd3 Nc6 11. 0-0-0 e5 12. Bc2 a5 13. dxe5 dxe5 14. Nd5 Kh8 15. Qc3 e4 16. Ng5 h6 17. Nh3 Nxd5 18. cxd5 Nb4 19. Kb1 g5 20. Rd2 Qxc3 21. bxc3 Nxc2 22. Kxc2 b5 23. d6 cxd6 24. Rxd6 Kg7 25. Rhd1 Rf6 26. Ng1 Be6 27. Kb2 Bc4 28. h4 Bd3 29. Rxf6 Kxf6 30. hxg5+ hxg5 31. f3 Rh8 32. fxe4 Bxe4 33. Rd6+ Ke5 34. Rb6 Rh2 35. Rxb5+ Kd6 36. Nh3 Bxg2 37. Nf2 Be4 0-1

[Event "Tatry op"]
[Site "Tatranske Zruby"]
[Date "2006.09.28"]
[Round "7"]
[White "Staszko, Martin"]
[Black "Frink, Ferenc"]
[Result "0-1"]
[WhiteElo "2071"]
[BlackElo "2256"]
[PlyCount "78"]
[EventDate "2006.09.23"]
[EventType "swiss"]
[EventRounds "9"]
[EventCountry "SVK"]
[SourceTitle "CBM 114 Extra"]
[Source "ChessBase"]
[SourceDate "2006.11.03"]
[SourceVersion "1"]
[SourceVersionDate "2006.11.03"]
[SourceQuality "1"]

1. e4 Nc6 2. Nc3 Nf6 3. d4 e5 4. dxe5 Nxe5 5. f4 Ng6 6. e5 Ng8 7. Bc4 Nh6 8. Nf3 Bc5 9. f5 Nh4 10. Bxh6 gxh6 11. Bxf7+ Kf8 12. Qe2 Nxf3+ 13. gxf3 Qh4+ 14. Kd1 Bd4 15. Bb3 Bxe5 16. Ne4 Qf4 17. Qd3 d6 18. Be6 Bxe6 19. fxe6 Re8 20. Ke2 Rxe6 21. Rag1 c6 22. Qb3 Re7 23. Rg4 Qf7 24. Qa3 d5 25. Qxa7 dxe4 26. fxe4 Qc4+ 27. Ke1 Qb4+ 28. c3 Bxc3+ 29. bxc3 Rxe4+ 30. Kd2 Qb2+ 31. Kd1 Qe2+ 32. Kc1 Rxg4 33. Rd1 Qe7 34. h3 Rg6 35. Rf1+ Rf6 36. Rg1 Kf7 37. Kb1 Re8 38. Kc1 b5 39. Qd4 Qe3+ 0-1

[Event "Tatry op"]
[Site "Tatranske Zruby"]
[Date "2006.09.25"]
[Round "4"]
[White "Duhayon, Yves"]
[Black "Staszko, Martin"]
[Result "1-0"]
[WhiteElo "2263"]
[BlackElo "2071"]
[PlyCount "63"]
[EventDate "2006.09.23"]
[EventType "swiss"]
[EventRounds "9"]
[EventCountry "SVK"]
[SourceTitle "CBM 114 Extra"]
[Source "ChessBase"]
[SourceDate "2006.11.03"]
[SourceVersion "1"]
[SourceVersionDate "2006.11.03"]
[SourceQuality "1"]

1. d4 Nf6 2. Nf3 e6 3. c4 c5 4. d5 b5 5. e4 Nxe4 6. dxe6 fxe6 7. Bd3 Bb7 8. cxb5 Be7 9. 0-0 0-0 10. Re1 Nxf2 11. Kxf2 Bh4+ 12. Kg1 Bxf3 13. gxf3 Bxe1 14. Qxe1 Qf6 15. Qe4 Qd4+ 16. Be3 Qxe4 17. Bxe4 d5 18. Bc2 Rxf3 19. Bxc5 Nd7 20. Bf2 Raf8 21. Bxa7 Rf1+ 22. Kg2 Kh8 23. a4 e5 24. Ra3 d4 25. Be4 R8f2+ 26. Kg3 Nf6 27. Bc6 g6 28. b6 g5 29. h4 h6 30. hxg5 hxg5 31. b7 Ne4+ 32. Bxe4 1-0

[Event "Pardubice op-B1"]
[Site "Pardubice"]
[Date "2006.07.21"]
[Round "1"]
[White "Kuzmin, Gennadi P"]
[Black "Staszko, Martin"]
[Result "1-0"]
[WhiteElo "2499"]
[BlackElo "2071"]
[PlyCount "47"]
[EventDate "2006.07.21"]
[EventType "swiss"]
[EventRounds "9"]
[EventCountry "CZE"]
[SourceTitle "CBM 113 Extra"]
[Source "ChessBase"]
[SourceDate "2006.09.14"]
[SourceVersion "1"]
[SourceVersionDate "2006.09.14"]
[SourceQuality "1"]

1. d4 Nf6 2. Nf3 e6 3. c4 c5 4. Nc3 cxd4 5. Nxd4 Nc6 6. e3 a6 7. Be2 Be7 8. 0-0 0-0 9. Bf3 Ne5 10. Be2 d5 11. cxd5 Nxd5 12. Bd2 Nxc3 13. Bxc3 Bf6 14. Qb3 Nd7 15. Rfd1 Qb6 16. Qa3 g6 17. Rac1 Qa7 18. Bb4 Re8 19. Rc7 Bd8 20. Nc6 Qb6 21. Ba5 Bxc7 22. Bxb6 Nxb6 23. Ne7+ Kg7 24. Qc3+ 1-0

[Event "MOR-chT 0405"]
[Site "Czech Republic"]
[Date "2004.10.10"]
[Round "2.8"]
[White "Staszko, Martin"]
[Black "Plat, Vojtech"]
[Result "1/2-1/2"]
[WhiteElo "2058"]
[BlackElo "1787"]
[PlyCount "100"]
[EventDate "2004.10.09"]
[EventType "team"]
[EventRounds "11"]
[EventCountry "CZE"]
[SourceTitle "CBM 103 Extra"]
[Source "ChessBase"]
[SourceDate "2005.01.01"]
[SourceVersion "1"]
[SourceVersionDate "2005.01.01"]
[SourceQuality "1"]

1. Nf3 c6 2. d4 Nf6 3. g3 d5 4. Bg2 Bf5 5. 0-0 e6 6. c4 Bd6 7. Nc3 0-0 8. Re1 Ne4 9. Nh4 Nxc3 10. bxc3 Bg4 11. Rb1 b6 12. Qa4 Qc7 13. cxd5 exd5 14. Bd2 b5 15. Qb3 Nd7 16. e4 dxe4 17. Bxe4 Nf6 18. Bg2 Rae8 19. a4 a6 20. Qc2 Qd7 21. Ra1 Rxe1+ 22. Rxe1 Re8 23. Rxe8+ Qxe8 24. axb5 axb5 25. Qc1 c5 26. Be3 c4 27. h3 Be6 28. Bf4 Qd7 29. Bxd6 Qxd6 30. Nf3 Bd5 31. Qe3 Qe6 32. Qxe6 fxe6 33. Nd2 Bxg2 34. Kxg2 Nd5 35. Ne4 b4 36. cxb4 c3 37. Nc5 c2 38. Nb3 Nxb4 39. Nc1 Nc6 40. Kf3 Nxd4+ 41. Ke3 Nc6 42. Kd3 Kf7 43. Kxc2 Kf6 44. Kd3 h5 45. h4 g5 46. hxg5+ Kxg5 47. Ke4 h4 48. gxh4+ Kxh4 49. f4 Kh5 50. Nd3 Kg6 1/2-1/2

[Event "Tatry op"]
[Site "Tatranske Zruby"]
[Date "2003.09.29"]
[Round "4"]
[White "Blaho, Stefan"]
[Black "Staszko, Martin"]
[Result "1-0"]
[WhiteElo "2228"]
[BlackElo "2083"]
[PlyCount "99"]
[EventDate "2003.09.27"]
[EventType "swiss"]
[EventRounds "9"]
[EventCountry "SVK"]
[SourceTitle "CBM 096 Extra"]
[Source "ChessBase"]
[SourceDate "2003.10.22"]
[SourceVersion "2"]
[SourceVersionDate "2003.10.20"]
[SourceQuality "1"]

1. d4 Nf6 2. Nf3 e6 3. c4 c5 4. Nc3 cxd4 5. Nxd4 Bb4 6. Bd2 0-0 7. Nc2 Be7 8. e4 Nc6 9. Be3 Qa5 10. Qd2 Ng4 11. Bf4 f5 12. Be2 Bf6 13. Bd6 Be7 14. 0-0 a6 15. Rad1 Nh6 16. b4 Qd8 17. c5 fxe4 18. Nxe4 Nf5 19. Bxe7 Qxe7 20. Ng3 a5 21. b5 Nb4 22. a3 Nd5 23. Bf3 Nc7 24. b6 Na6 25. Nxf5 Rxf5 26. Qd6 Qf7 27. Ne3 Rxc5 28. Rc1 Rxc1 29. Rxc1 Qf8 30. Rd1 Nc5 31. Nc4 Qxd6 32. Nxd6 Na4 33. Rb1 Kf8 34. Bd1 Nc3 35. Rc1 Ke7 36. Rxc3 Kxd6 37. Rc7 Ke5 38. Bf3 d5 39. Rxg7 Ra6 40. Rxh7 Rxb6 41. h4 Rd6 42. h5 Kf6 43. Rh8 Bd7 44. Rd8 Kg5 45. Be2 d4 46. Bb5 Bxb5 47. Rxd6 d3 48. f3 Kxh5 49. Rxe6 Bc4 50. Re4 1-0

[Event "Tatry op"]
[Site "Tatranske Zruby"]
[Date "2003.09.28"]
[Round "2"]
[White "Forman, Stepan"]
[Black "Staszko, Martin"]
[Result "1-0"]
[WhiteElo "2252"]
[BlackElo "2083"]
[PlyCount "61"]
[EventDate "2003.09.27"]
[EventType "swiss"]
[EventRounds "9"]
[EventCountry "SVK"]
[SourceTitle "CBM 096 Extra"]
[Source "ChessBase"]
[SourceDate "2003.10.22"]
[SourceVersion "2"]
[SourceVersionDate "2003.10.20"]
[SourceQuality "1"]

1. e4 c5 2. Nf3 Nc6 3. d4 cxd4 4. Nxd4 Nf6 5. Nc3 e5 6. Ndb5 d6 7. Bg5 a6 8. Bxf6 gxf6 9. Na3 b5 10. Nd5 f5 11. Bd3 Be6 12. Qh5 Rg8 13. c3 Rxg2 14. Qf3 Rg8 15. exf5 Bxd5 16. Qxd5 Qb6 17. Nc2 Rc8 18. f6 h5 19. Bf5 Rb8 20. Ne3 Nd8 21. Qf3 Bh6 22. Nd5 Qb7 23. Be4 Rg5 24. Ne7 Qb6 25. Bf5 Qb7 26. Qxb7 Rxb7 27. h4 Rg4 28. Bxg4 hxg4 29. Nf5 Bf8 30. h5 Kd7 31. h6 1-0